Abang Sabri petani

Bibliographic Details
Main Author: Izani Zakaria
Format: Book
Published: Kuala Lumpur : Pustaka Segar , 2006
Series:Siri mengenali kerjaya
Subjects:

MARC

LEADER 00000cam a2200000 7i4500
001 0000004793
005 20220105104006.0
008 070731
020 |a 9833277225(set) 
020 |a 9833277284 
090 0 0 |a JP   |b OCC MAL (4328) 
100 0 |a Izani Zakaria 
245 1 0 |a Abang Sabri petani   |c Izani Zakaria 
260 |a Kuala Lumpur :   |b Pustaka Segar ,   |c 2006 
440 |a Siri mengenali kerjaya 
500 |a Children age 4-6 years old (yellow) 
650 0 |a Children's stories, Malay 
650 0 |a Malay fiction 
999 |a 0000976417   |b Book   |c Children Collection   |e Perbadanan Perpustakaan Awam Johor 
999 |a 0000976418   |b Book   |c Children Collection   |e Perbadanan Perpustakaan Awam Johor 
999 |a 0000976419   |b Book   |c Children Collection   |e Perbadanan Perpustakaan Awam Johor 
999 |a 0000976420   |b Book   |c Children Collection   |e Perbadanan Perpustakaan Awam Johor 
999 |a 0000976421   |b Book   |c Children Collection   |e Perbadanan Perpustakaan Awam Johor 
999 |a 0001072357   |b Book   |c Children Collection   |e Cawangan Taman Universiti